| 000 | 01518cam a22002295a 4500 | ||
|---|---|---|---|
| 001 | L146126 | ||
| 008 | 081211e20081202xxkado f 000 0 eng d | ||
| 035 | _a(Sirsi) u146126 | ||
| 041 | 0 | _aeng | |
| 050 | 0 | 4 | _a614.76 $2 18 |
| 110 | 2 |
_aTown and Country Planning Association _93022 |
|
| 245 | 0 | 0 |
_aTowards zero waste _beco-towns waste management worksheet _h[electronic resource] |
| 260 |
_aLondon _bTCPA _c2008 |
||
| 505 | 2 | _aIntroduction -- Principles -- Outcomes -- Planning for waste -- Detailed outcomes -- Construction and materials -- Governance and funding -- References -- Annexes: glossary; signposts to further sources of information; credits available for construction waste under the Code for Sustainable Homes and BREAM | |
| 520 | _aLooks at waste management planning for eco-towns at the master plan stage. Introduces waste hierarchies and promotes a zero waste approach, providing a case study from the Japanese community of Kamikatsu and examples of biomass/CHP plants in Europe. Advocates going well beyond existing guidelines to try and minimise materials going to landfill across the board. Provides a wide range of references for additional reading material and checklists to guide planners. | ||
| 521 | _aAdvanced | ||
| 590 | _aKA NTK | ||
| 651 | 4 |
_aEngland and Wales _y1543- |
|
| 690 | _aENVIRONMENTAL AND LAND CONSULTANCY-WASTE MANAGEMENT | ||
| 856 | 4 | 0 |
_uhttps://www.tcpa.org.uk/pages/sustainability-worksheets.html _zView the item free of charge online at www.tcpa.org.uk... |
| 942 | _n0 | ||
| 999 |
_c109058 _d109058 |
||